Ras-vimarsh (Record no. 30972)

MARC details
000 -LEADER
fixed length control field 00428nam a2200169Ia 4500
008 - FIXED-LENGTH DATA ELEMENTS--GENERAL INFORMATION
fixed length control field 230917s9999||||xx |||||||||||||| ||und||
020 ## - ISBN
Price RS495
040 ## - CATALOGING SOURCE
-- 255277
Original cataloging agency VIVEKANANDA LIBRARY
041 ## - Language
-- English
082 ## - DDC NUMBER
Classification number 891.2109 R137R
100 ## - MAIN ENTRY--PERSONAL NAME
Personal name Rajesh kumar
245 #0 - TITLE STATEMENT
Title Ras-vimarsh
260 ## - PUBLICATION, DISTRIBUTION, ETC. (IMPRINT)
Place of publication, distribution, etc Delhi
Name of publisher, distributor, etc Shivalik Prakashan
Date of publication, distribution, etc 2017
300 ## - PHYSICAL DESCRIPTION
Pages 130 p.
500 ## - GENERAL NOTE
General note 3458 08/04/2019 HBD19/4005 28/03/2019 Sanskrit SAP
942 ## - ADDED ENTRY ELEMENTS (KOHA)
Koha item type Books
Holdings
Withdrawn status Lost status Damaged status Not for loan Location (home branch) Sublocation or collection (holding branch) Date acquired Koha issues (times borrowed) Koha full call number Accession No. Koha date last seen Koha item type
        VIVEKANANDA LIBRARY VIVEKANANDA LIBRARY 14/05/2019 2 891.2109 R137R 383260 13/11/2024 Books
© Designed and Maintained by Vivekananda Library, MDU Rohtak